00366nam a2200133 a 450000500170000000800410001702000150005805000270007310000210010024500420012126000360016330000210019965000120022020140310183258.0011227s19uu xx 00 eng d a0140620575 aPR 4565.A2b.D548 1994 aDickens, Charles aNicholas Nickleby /cCharles Dickens. aLondon :bPenguin Books,c1994. a268 p. :c18 cm. aFiction